[Event "EYTCC Open U18 2018"]
[Site "Bad Blankeburg"]
[Date "2018.07.17"]
[Round "6"]
[White "Horvath, Dominik"]
[Black "Zarubitski, Viachaslau"]
[Result "1/2-1/2"]
[WhiteElo "2429"]
[BlackElo "2412"]
[Annotator "TA"]
[PlyCount "131"]
[EventDate "2018.07.12"]
[EventType "swiss"]
[EventCountry "GER"]
[SourceTitle "playchess.com"]
[Source "ChessBase"]
[SourceQuality "1"]

{[%evp 20,131,29,33,42,43,51,51,43,40,35,50,45,44,35,45,58,50,64,48,66,64,67,47,52,44,57,21,21,21,21,25,63,64,61,56,58,53,65,18,47,47,74,43,155,150,141,149,120,81,96,103,104,98,110,91,91,91,91,91,91,91,91,91,5822,91,91,91,91,91,91,91,91,0,91,91,91,91,91,91,91,91,105,106,91,63,63,63,63,63,63,15,63,63,63,63,63,63,63,8,8,0,62,63,63,63,63,63,63,63,63,63,63,-531]} 1. c4 c6 2. Nf3 d5 3. d4 Nf6 4. e3 a6 5. Nc3 b5 6. b3 Bg4 7. Be2 Nbd7 8. h3 {D15: Damengambit (Slawische Verteidigung)} Bh5 9. g4 Bg6 10. Ne5 Nxe5 11. dxe5 {LiveBook: 17 Partien} b4 $146 ({Vorgänger:} 11... Nd7 12. cxd5 cxd5 13. e6 fxe6 14. Bb2 Qb6 15. h4 Qd6 {0-1 (43) Matlakov,M (2735)-Volkov,S (2645) St Petersburg 2017}) 12. Nxd5 cxd5 13. exf6 dxc4 14. Qxd8+ Rxd8 15. Bxc4 exf6 16. Ke2 Be4 17. f3 Bb7 18. e4 Bc5 19. Be3 Bxe3 20. Kxe3 Ke7 21. Rhd1 Rxd1 22. Rxd1 $14 {[%mdl 4096] Endspiel KTL-KTL} Rc8 23. a3 bxa3 24. Ra1 h5 25. Rxa3 hxg4 26. hxg4 g6 27. Ra2 Rc6 28. Kd4 Bc8 29. Bd5 Rb6 30. Ra5 f5 31. Kc5 Rb8 (31... Rd6 $14) 32. gxf5 $16 gxf5 33. exf5 Kf6 34. Kc6 Bb7+ 35. Kc7 Bxd5 36. Kxb8 ({Viel schlechter ist} 36. Rxa6+ Kxf5 37. Kxb8 Bxb3 $11) 36... Bxb3 {KT-KL} 37. Kc7 ({Doch nicht} 37. Rxa6+ $6 Kxf5 38. Rd6 Kf4 $11) 37... Bc4 {[#]} 38. Rc5 $1 {[%cal Rc5c4]} Bd3 39. Kd6 {Schwarz muss nun Kd5 beachten.} Bxf5 40. f4 Bb1 41. Re5 Kg6 $2 {[%mdl 8192] [#]} (41... Bg6 $16 42. Kc5 Bd3) 42. Rg5+ $2 (42. Ke7 $1 $18 {und der Rest ist Schweigen.} f5 43. Re3) 42... Kf6 43. Kc5 Bf5 44. Kc4 Ke6 45. Rg2 Be4 46. Rg5 (46. Rh2 {with more complications.} Kf5 47. Kd4 Bc6 48. Ke3 Bb5 49. Rh8) 46... Bf5 $1 47. Rh5 {Kd4 ist eine echte Drohung.} Bg4 48. Re5+ Kf6 49. Kd4 Bd7 50. Rc5 Bb5 51. Ke4 Ba4 52. f5 {Und Kf4 würde nun gewinnen.} Kg5 $1 53. Rc7 Bb3 54. Rc3 Bd1 55. Rc6 a5 56. Ke5 a4 57. Ra6 Bb3 58. f6 Kg4 59. Ke4 (59. Rb6 $14) 59... Bc2+ $1 $11 60. Ke5 (60. Ke3 $11) 60... Bb3 $1 $14 61. Ra5 {Weiß steht etwas besser.} Kf3 62. Rc5 Ke3 63. Rc3+ $1 Kd2 64. Kd4 Ke2 65. Re3+ Kd2 66. Ke4 $2 {[%mdl 40960] Precision: Weiß = 58%, Schwarz = 70%. . An unexpected result.} (66. Rh3 $14 {behält die Oberhand.}) 1/2-1/2

[Event "EYTCC Open U18 2018"]
[Site "Bad Blankeburg"]
[Date "2018.07.17"]
[Round "6"]
[White "Janik, Igor"]
[Black "Schmidek, Emil"]
[Result "0-1"]
[WhiteElo "2420"]
[BlackElo "2376"]
[Annotator "TA"]
[PlyCount "74"]
[EventDate "2018.07.12"]
[EventType "swiss"]
[EventCountry "GER"]
[SourceTitle "playchess.com"]
[Source "ChessBase"]
[SourceQuality "1"]

{[%evp 23,74,29,43,-381,-384,-549,-581,-856,-852,-830,-832,-818,-809,-788,-636,-702,-551,-892,-775,-762,-745,-750,-732,-778,-518,-471,-229,-229,-259,-263,-252,-266,-156,-135,-150,-136,-134,-269,-256,-347,-340,-29979,-29980,-29980,-29981,-29981,-29981,-29982,-6111,-5786,-5786,-29997,-29985]} 1. e4 e5 2. Nf3 Nc6 3. Bc4 Nf6 4. Ng5 d5 5. exd5 Na5 6. Bb5+ c6 7. dxc6 bxc6 8. Bd3 Ng4 {C58: Two Knights: 4 Ng5 d5 5 exd5 Na5 sidelines} (8... Nd5 9. Nf3 Bd6 10. O-O O-O 11. Re1 f5 12. Nxe5 Qf6 13. Nf3 g5 14. g3 f4 15. Nc3 fxg3 16. hxg3 Nxc3 17. dxc3 {½-½ (52) Kovalev,V (2639)-Demchenko,A (2660) Riadh 2017}) 9. Ne4 f5 10. Be2 h5 11. h3 {[%cal Bh2h3,Bh3g4][%mdl 32]} fxe4 12. hxg4 Bc5 {LiveBook: 18 Games. White must now prevent ...0-0.} 13. c3 $2 {[%mdl 8192]} (13. b4 $14 {keeps the upper hand.} Qd4 14. bxc5) 13... O-O $19 14. Qa4 (14. d4 $142 exd3 15. Qxd3 Bxf2+ 16. Kd1 Bxg4 17. Qxd8 Raxd8+ 18. Nd2) 14... Rxf2 $146 ({Predecessor:} 14... Bxf2+ 15. Kd1 Bxg4 16. Bxg4 hxg4 17. Qxe4 {½-½ (31) Rudd,J (2280)-Yeo,M (2170) Torquay 2013}) 15. Qxe4 {[#]} Rxe2+ $1 {[%mdl 512]} 16. Qxe2 (16. Kxe2 Bxg4+) 16... Bxg4 17. Qe4 Qf6 {[%csl Gc5][%cal Rf6f2]} 18. d4 exd4 19. Bf4 Rf8 20. g3 g5 21. b4 gxf4 22. O-O Bd6 23. bxa5 dxc3 24. Nxc3 Qxc3 ({Less strong is} 24... Bc5+ 25. Kh1 $17) (24... f3 $142 25. Qc4+ Be6 26. Rxf3 Bxc4 27. Rxf6 Rxf6) 25. Qg6+ Qg7 $1 {[%cal Rg7g6]} 26. Qxd6 {Threatens to win with Rae1.} Bh3 27. Kh1 {[#]} f3 $40 {[%mdl 128] Black attacks with force.} ({Black should play} 27... Bg2+ $1 $19 {[%mdl 512]} 28. Kxg2 Qxg3+ 29. Kh1 Qh3+ 30. Kg1 Rf7 31. Qd8+ Kh7) 28. Kh2 $17 Bxf1 29. Rxf1 {[%mdl 4096] Endgame KQR-KQR} Qf6 30. Qc5 (30. Qxf6 $17 {only move.} Rxf6 31. Kg1) 30... Rf7 $19 31. a6 h4 {[%cal Bh5h4,Bh4h3][%mdl 32]} 32. g4 $2 (32. Qf2 $19 Rg7 33. g4) 32... Qf4+ 33. Kh1 f2 ({Not} 33... Qg3 34. Qg5+ Rg7 35. Qd8+ Kh7 36. Qd3+ Kg8 37. Qd8+ Kh7 38. Qd3+ Rg6 39. Qxf3 $17) 34. Qxc6 h3 35. Qc8+ Kg7 (35... Kh7 $142 36. Qc2+ Kg7 37. Qd3 Qf3+ 38. Qxf3 Rxf3 39. Kh2 Kf6 40. g5+ Kxg5 41. Kh1 Kg4 42. Kh2 Rf5 43. a3 Rf3 44. a4 Rf6 45. a5 Kf3 46. Ra1 Ke2 47. Ra2+ Kd3 48. Ra3+ Kc4 49. Ra4+ Kb5 50. Ra1 f1=Q 51. Rxf1 Rxf1 52. Kg3 Kxa6 53. Kxh3 Kxa5 54. Kh2 Kb4 55. Kg2 Rf8 56. Kh3 a5 57. Kg4 a4 58. Kh5 a3 59. Kg5 a2 60. Kh6 a1=Q 61. Kg6 Qe5 62. Kh6 Rg8 63. Kh7 Qh8#) 36. Qc3+ Rf6 {( -> ...Qe4+)} 37. g5 Qf3+ {Precision: White = 29%, Black = 66%.} 0-1

[Event "EYTCC Open U18 2018"]
[Site "Bad Blankeburg"]
[Date "2018.07.17"]
[Round "6"]
[White "Lagunow, Raphael"]
[Black "Vasiesiu, Victor"]
[Result "1/2-1/2"]
[WhiteElo "2411"]
[BlackElo "2295"]
[Annotator "NA RC"]
[PlyCount "100"]
[EventDate "2018.07.12"]
[EventType "swiss"]
[EventCountry "GER"]
[SourceTitle "playchess.com"]
[Source "ChessBase"]
[SourceQuality "1"]
[TimeControl "40/5400+30:1800+30"]

1. e4 {[%emt 0:00:00]} c5 {[%emt 0:00:00]} 2. Nf3 {[%emt 0:00:00]} e6 {[%emt 0:00:00]} 3. d4 {[%emt 0:00:00]} cxd4 {[%emt 0:00:00]} 4. Nxd4 {[%emt 0:00:00]} Nc6 {[%emt 0:00:00]} 5. Nc3 {[%emt 0:00:01]} Qc7 {[%emt 0:00:00]} 6. Qd3 {[%emt 0:00:15] B47: Sicilian: Taimanov: 5 Nc3 Qc7 6 f4, 6 g3 and 6 Be2} (6. Be3 a6 7. Qf3 Nf6 8. O-O-O Ne5 9. Qg3 b5 10. a3 Bb7 11. Bxb5 Rc8 12. Ba4 Nxe4 13. Nxe4 Bxe4 14. Bf4 Qc4 15. Bxe5 Qxa4 {1-0 (38) Vachier Lagrave,M (2789)-Anand,V (2776) Karlsruhe/Baden-Baden 2018}) 6... Nxd4 {[%emt 0:03:16]} 7. Qxd4 {[%emt 0:00:08]} a6 {[%emt 0:00:05]} 8. Be3 {[%emt 0:01:13]} Ne7 {[%emt 0:08:08]} 9. O-O-O {[%emt 0:19:19]} Nc6 {[%emt 0:00:13]} 10. Qb6 {[%emt 0:00:55]} Qxb6 {[%emt 0:05:28]} 11. Bxb6 {[%emt 0:00:07]} d6 $146 {[%emt 0:03:06]} ({Predecessor:} 11... Be7 12. f4 O-O 13. Be2 f5 14. e5 g5 15. g3 {1-0 (27) Jasny,S (2347)-Varejcko,J (2267) Czechia 2010}) 12. f4 {[%emt 0:02:45]} g5 {[%emt 0:05:23]} 13. fxg5 {[%emt 0:10:10]} h6 {[%emt 0:00:10]} 14. g6 {[%emt 0:16:10]} fxg6 {[%emt 0:00:40]} 15. g3 {[%emt 0:01:02]} Ne5 {[%emt 0:09:26]} 16. Be2 {[%emt 0:09:52]} Be7 {[%emt 0:11:00]} 17. h4 {[%emt 0:05:32]} Bd7 {[%emt 0:08:11]} 18. Kb1 {[%emt 0:10:22]} Rc8 {[%emt 0:01:44]} 19. Bd4 {[%emt 0:00:30]} Bf6 {[%emt 0:07:03]} 20. Rhf1 {[%emt 0:02:22]} Ke7 {[%emt 0:00:32]} 21. Bd3 {[%emt 0:04:24]} Rhf8 {[%emt 0:03:24]} 22. Ne2 {[%emt 0:01:25]} g5 {[%emt 0:00:30]} 23. hxg5 {[%emt 0:01:23]} hxg5 {[%emt 0:00:13]} 24. Bc3 {[%emt 0:01:02]} Nxd3 {[%emt 0:13:01]} 25. cxd3 {[%emt 0:02:25]} Bxc3 {[%emt 0:01:48]} 26. Nxc3 {[%emt 0:00:21]} Rxf1 {[%emt 0:00:17]} 27. Rxf1 {[%emt 0:00:01]} Rh8 {[%emt 0:00:11]} 28. Rf2 {[%emt 0:02:41]} Rh3 {[%emt 0:01:40]} 29. Rf3 {[%emt 0:04:33]} Rh2 {[%emt 0:02:03]} 30. a4 {[%emt 0:00:37]} a5 {[%emt 0:03:46]} 31. Ka2 {[%emt 0:01:10]} Rg2 {[%emt 0:00:33]} 32. Ka3 {[%emt 0:00:39]} g4 {[%emt 0:00:30]} 33. Re3 {[%emt 0:00:01]} Rf2 {[%emt 0:00:15]} 34. b4 {[%emt 0:01:29]} Rf3 {[%emt 0:02:17]} 35. Rxf3 $1 {[%emt 0:02:06]} gxf3 {[%emt 0:00:05]} 36. Nd1 {[%emt 0:00:03]} Kf6 {[%emt 0:01:16]} 37. d4 {[%emt 0:00:27]} Bc6 {[%emt 0:09:29]} 38. Nf2 $15 {[%emt 0:00:11]} b6 {[%emt 0:02:06]} 39. b5 {[%emt 0:01:35]} Be8 {[%emt 0:00:58]} 40. Kb2 {[%emt 0:00:40]} Bg6 {[%emt 0:00:39]} 41. Kc3 {[%emt 0:31:40]} d5 {[%emt 0:02:56]} 42. e5+ {[%emt 0:00:00]} Kg5 {[%emt 0:00:12]} 43. Kb2 {[%emt 0:00:00]} Bh7 {[%emt 0:01:53]} 44. Kc1 {[%emt 0:00:00]} Bf5 {[%emt 0:00:11]} 45. Kb2 {[%emt 0:00:00]} Bh3 {[%emt 0:00:12]} 46. Kc3 {[%emt 0:00:00]} Bf1 {[%emt 0:00:08]} 47. Kd2 {[%emt 0:00:00]} Bc4 {[%emt 0:01:09]} 48. Kc3 {[%emt 0:00:00]} Kf5 {[%emt 0:00:28]} 49. Kc2 {[%emt 0:00:00]} Be2 {[%emt 0:00:17]} 50. Kd2 {[%emt 0:00:00]} Kg5 {[%emt 0:00:11]} 1/2-1/2

[Event "EYTCC Open U18 2018"]
[Site "Bad Blankeburg"]
[Date "2018.07.17"]
[Round "6"]
[White "Teclaf, Pawel"]
[Black "Urban, Konstantin"]
[Result "1-0"]
[WhiteElo "2399"]
[BlackElo "2325"]
[Annotator "NA"]
[PlyCount "126"]
[EventDate "2018.07.12"]
[EventType "swiss"]
[EventCountry "GER"]
[SourceTitle "playchess.com"]
[Source "ChessBase"]
[SourceQuality "1"]
[TimeControl "40/5400+30:1800+30"]

1. e4 {[%emt 0:00:00]} c5 {[%emt 0:00:00]} 2. Nf3 {[%emt 0:00:00]} d6 {[%emt 0:00:00]} 3. d4 {[%emt 0:00:00]} cxd4 {[%emt 0:00:14]} 4. Nxd4 {[%emt 0:00:00]} Nf6 {[%emt 0:00:18]} 5. Nc3 {[%emt 0:00:00]} a6 {[%emt 0:00:15]} 6. Nb3 {[%emt 0:00:00]} e5 {[%emt 0:17:47]} 7. Bg5 {[%emt 0:05:33]} Be7 {[%emt 0:04:10]} 8. Bxf6 {[%emt 0:05:15]} Bxf6 {[%emt 0:00:36]} 9. Nd2 {[%emt 0:03:46]} Be6 {[%emt 0:08:43]} 10. Nc4 {[%emt 0:02:29]} Be7 {[%emt 0:02:37]} 11. Nd5 {[%emt 0:09:45]} Nc6 {[%emt 0:05:12]} 12. c3 {[%emt 0:09:37]} Rc8 {[%emt 0:05:10]} 13. Ncb6 {[%emt 0:08:19]} Rb8 {[%emt 0:01:37] LiveBook: 68 Games} 14. Bd3 {[%emt 0:09:23] B33: Sicilian: Pelikan and Sveshnikov Variations} (14. Bc4 O-O 15. O-O Bg5 16. a4 Kh8 17. Qe2 g6 18. Rad1 Bh6 19. b4 a5 20. bxa5 Nxa5 21. Ba2 f5 22. exf5 gxf5 {½-½ (56) De Homont,R (2359)-Fritsche,F (2328) GER email 2016}) 14... O-O {[%emt 0:02:18]} 15. O-O {[%emt 0:01:01]} Bg5 {[%emt 0:01:39]} 16. a4 {[%emt 0:02:25]} Ne7 {[%emt 0:03:19]} 17. Nxe7+ {[%emt 0:00:42]} Qxe7 {[%emt 0:06:18]} 18. a5 $146 {[%emt 0:00:16]} ({Predecessor:} 18. Qe2 Rbd8 19. Rfd1 g6 20. Bc4 Kg7 21. Bd5 Qc7 {½-½ (71) Csolto,T (2144)-Macko,M (2125) Slovakia 2004}) 18... Qc7 {[%emt 0:02:19]} 19. Bc2 {[%emt 0:04:47]} Qc6 {[%emt 0:05:30]} 20. Bb3 {[%emt 0:01:29]} Bd8 {[%emt 0:12:18]} 21. Bd5 {[%emt 0:10:32]} Qc5 {[%emt 0:00:18]} 22. Bxe6 {[%emt 0:01:23]} Bxb6 {[%emt 0:00:10]} 23. Ba2 {[%emt 0:00:42]} Ba7 {[%emt 0:00:34]} 24. Qd5 {[%emt 0:00:33]} Qxd5 {[%emt 0:00:54]} 25. Bxd5 {[%emt 0:00:02]} Rfc8 {[%emt 0:06:03]} 26. Rfd1 {[%emt 0:05:32]} Kf8 {[%emt 0:05:43]} 27. Rd3 {[%emt 0:02:18]} Ke7 {[%emt 0:00:41]} 28. g3 {[%emt 0:00:44]} Rc7 {[%emt 0:00:16]} 29. Kg2 {[%emt 0:01:00]} Rcc8 {[%emt 0:00:38]} 30. f4 {[%emt 0:01:17]} Rc7 {[%emt 0:00:36]} 31. Rf3 {[%emt 0:01:02]} f6 {[%emt 0:00:14]} 32. fxe5 {[%emt 0:01:26]} dxe5 {[%emt 0:00:02]} 33. g4 {[%emt 0:00:20]} h6 {[%emt 0:01:51]} 34. h4 {[%emt 0:00:36]} Rf8 {[%emt 0:03:33]} 35. Raf1 {[%emt 0:03:13]} b6 {[%emt 0:00:46]} 36. axb6 {[%emt 0:02:02]} Bxb6 {[%emt 0:00:01]} 37. g5 {[%emt 0:00:11]} hxg5 {[%emt 0:01:19]} 38. hxg5 {[%emt 0:00:01]} a5 {[%emt 0:01:16]} 39. Rg3 {[%emt 0:02:45]} Kd8 $16 {[%emt 0:03:25]} 40. gxf6 {[%emt 0:04:35]} Rxf6 {[%emt 0:00:38]} 41. Rg5 {[%emt 0:34:55]} Rxf1 {[%emt 0:06:38]} 42. Kxf1 {[%emt 0:00:00]} a4 {[%emt 0:06:28]} 43. Rxe5 {[%emt 0:00:00]} a3 {[%emt 0:00:36]} 44. bxa3 {[%emt 0:00:00]} Ra7 {[%emt 0:05:00]} 45. Re6 {[%emt 0:00:00]} Bc5 {[%emt 0:00:16]} 46. Ke2 {[%emt 0:00:00]} Rxa3 {[%emt 0:01:08]} 47. Kd3 {[%emt 0:00:00]} Ra7 {[%emt 0:01:01]} 48. Rg6 {[%emt 0:00:00]} Re7 {[%emt 0:01:17]} 49. Be6 {[%emt 0:00:00]} Bd6 {[%emt 0:04:57]} 50. Kd4 {[%emt 0:00:00]} Bf4 {[%emt 0:00:19]} 51. e5 {[%emt 0:00:00]} Kc7 {[%emt 0:00:59]} 52. Kd5 {[%emt 0:00:00]} Bd2 {[%emt 0:02:19]} 53. Bf5 {[%emt 0:00:00]} Bf4 {[%emt 0:00:45]} 54. Rc6+ {[%emt 0:00:00]} Kb7 {[%emt 0:00:05]} 55. e6 {[%emt 0:00:00]} g5 {[%emt 0:01:08]} 56. Rc4 {[%emt 0:00:00]} Bg3 {[%emt 0:00:45]} 57. Rg4 {[%emt 0:00:00]} Bf4 {[%emt 0:03:36]} 58. Rxf4 {[%emt 0:00:10]} gxf4 {[%emt 0:00:10]} 59. Kd6 {[%emt 0:00:06]} Re8 {[%emt 0:01:40]} 60. e7 {[%emt 0:00:17]} Kb6 {[%emt 0:00:40]} 61. Kd7 {[%emt 0:00:43]} Rxe7+ {[%emt 0:00:20]} 62. Kxe7 {[%emt 0:00:05]} Kc5 {[%emt 0:00:02]} 63. Bd3 {[%emt 0:00:04]} Kd5 1-0

[Event "EYTCC Open U18 2018"]
[Site "Bad Blankeburg"]
[Date "2018.07.17"]
[Round "6"]
[White "Gorshtein, Ido"]
[Black "Dobrovoljc, Vid"]
[Result "1/2-1/2"]
[WhiteElo "2382"]
[BlackElo "2344"]
[Annotator "NA"]
[PlyCount "77"]
[EventDate "2018.07.12"]
[EventType "swiss"]
[EventCountry "GER"]
[SourceTitle "playchess.com"]
[Source "ChessBase"]
[SourceQuality "1"]
[TimeControl "40/5400+30:1800+30"]

1. e4 {[%emt 0:00:00]} c5 {[%emt 0:00:00]} 2. Ne2 {[%emt 0:00:00]} Nc6 {[%emt 0:00:00]} 3. d4 {[%emt 0:00:00]} cxd4 {[%emt 0:00:05]} 4. Nxd4 {[%emt 0:00:00]} Nf6 {[%emt 0:00:36]} 5. Nc3 {[%emt 0:00:00]} d6 {[%emt 0:00:26]} 6. Bg5 {[%emt 0:00:06]} e6 {[%emt 0:00:31]} 7. Qd2 {[%emt 0:00:02]} a6 {[%emt 0:00:07]} 8. O-O-O {[%emt 0:00:06]} Bd7 {[%emt 0:01:15]} 9. f4 {[%emt 0:09:23]} b5 {[%emt 0:03:18]} 10. Bxb5 {[%emt 0:09:03]} axb5 {[%emt 0:02:08]} 11. Ndxb5 {[%emt 0:00:02] B67: Sicilian: Richter-Rauzer: 7...a6 8 0-0-0 Bd7, lines without 9 f4 Be7} Nb4 {[%emt 0:10:17]} 12. Nxd6+ {[%emt 0:36:13]} (12. e5 Nxa2+ 13. Nxa2 Bxb5 14. Nc3 Ne4 15. Qd4 Ra1+ 16. Nb1 Nxg5 17. exd6 h5 18. fxg5 Qxg5+ 19. Rd2 Bd7 20. Rf1 Ra6 21. h4 Qh6 22. Qf2 f6 23. b3 Bxd6 24. Qe2 Rc6 25. Kb2 O-O {0-1 (25) Von Bahr,O (2382)-Barkhagen,J (2563) Sweden 2006}) 12... Bxd6 {[%emt 0:00:31]} 13. Qxd6 {[%emt 0:00:02]} Nxa2+ {[%emt 0:03:40]} 14. Nxa2 {[%emt 0:00:08]} Rxa2 {[%emt 0:00:41]} 15. Bxf6 {[%emt 0:01:00]} Ra1+ $146 {[%emt 0:17:15]} ({Predecessor:} 15... gxf6 16. Kb1 Ra7 17. Rd3 Qc7 18. Qd4 e5 19. fxe5 fxe5 {½-½ (61) Stachanczyk,J (2212)-Dukaczewski,P (2285) Berlin 2009}) 16. Kd2 {[%emt 0:00:01]} Rxd1+ {[%emt 0:00:07]} 17. Rxd1 {[%emt 0:00:05]} gxf6 {[%emt 0:03:04]} 18. Kc1 {[%emt 0:01:15]} Rg8 {[%emt 0:04:31]} 19. g3 {[%emt 0:00:33]} h5 {[%emt 0:02:34]} 20. Rd3 {[%emt 0:01:56]} h4 {[%emt 0:04:09]} 21. b3 {[%emt 0:07:21]} hxg3 {[%emt 0:04:33]} 22. hxg3 {[%emt 0:00:19]} Rh8 {[%emt 0:00:55]} 23. Kb2 {[%emt 0:01:52]} Rh1 {[%emt 0:07:54]} 24. g4 $17 {[%emt 0:02:31]} (24. Rd4 $11 {keeps the balance.}) 24... Qc8 {[%emt 0:16:12]} 25. Rd4 {[%emt 0:02:03]} Bb5 {[%emt 0:04:26]} 26. Qb6 {[%emt 0:01:49]} Ba6 {[%emt 0:03:19]} 27. Rd2 {[%emt 0:09:23]} Qa8 {[%emt 0:01:38]} 28. Rd4 {[%emt 0:00:20]} Bd3 {[%emt 0:01:52]} 29. Ra4 {[%emt 0:01:02]} Qc8 {[%emt 0:00:05]} 30. Qf2 {[%emt 0:00:02]} Qc6 {[%emt 0:05:30]} 31. Qg2 {[%emt 0:07:22]} Rf1 {[%emt 0:02:31]} 32. Qh2 {[%emt 0:03:05]} Qc5 {[%emt 0:00:29]} 33. Qd2 {[%emt 0:02:04]} Qxc2+ {[%emt 0:01:15]} 34. Qxc2 {[%emt 0:00:02]} Bxc2 {[%emt 0:00:07]} 35. Kxc2 {[%emt 0:00:05]} Rxf4 {[%emt 0:00:03]} 36. Kd3 {[%emt 0:02:17]} Rxg4 {[%emt 0:00:18]} 37. Ra7 {[%emt 0:00:02]} f5 {[%emt 0:01:29]} 38. exf5 {[%emt 0:00:09]} exf5 {[%emt 0:00:04]} 39. Rb7 {[%emt 0:00:10]} 1/2-1/2

[Event "EYTCC Open U18 2018"]
[Site "Bad Blankeburg"]
[Date "2018.07.17"]
[Round "6"]
[White "Nikitenko, Mihail"]
[Black "Blohberger, Felix"]
[Result "1/2-1/2"]
[WhiteElo "2371"]
[BlackElo "2420"]
[Annotator "NA"]
[PlyCount "102"]
[EventDate "2018.07.12"]
[EventType "swiss"]
[EventCountry "GER"]
[SourceTitle "playchess.com"]
[Source "ChessBase"]
[SourceQuality "1"]
[TimeControl "40/5400+30:1800+30"]

1. e4 {[%emt 0:00:00]} e6 {[%emt 0:00:00]} 2. d4 {[%emt 0:00:00]} d5 {[%emt 0:00:00]} 3. Nd2 {[%emt 0:00:00]} c5 {[%emt 0:00:29]} 4. exd5 {[%emt 0:00:00]} Qxd5 {[%emt 0:00:17]} 5. Ngf3 {[%emt 0:00:00]} cxd4 {[%emt 0:00:53]} 6. Bc4 {[%emt 0:00:03]} Qd8 {[%emt 0:00:05]} 7. O-O {[%emt 0:00:05]} a6 {[%emt 0:00:41]} 8. a4 {[%emt 0:01:18] C07: French Tarrasch: 3...c5, 4 Ngf3 and 4 exd5 Qxd5} Nc6 {[%emt 0:01:21]} 9. Nb3 {[%emt 0:00:05]} Bd7 $146 {[%emt 0:00:19]} ({Predecessor:} 9... Nf6 10. Qe2 Bd6 11. Rd1 e5 12. Nbxd4 Nxd4 13. Rxd4 Qe7 14. Rxd6 Qxd6 15. b3 e4 16. Ba3 {0-1 (34) Stany,G (2500)-Ganguly,S (2650) Bhubaneswar 2018}) 10. Qe2 {[%emt 0:01:16]} Bd6 {[%emt 0:01:04]} 11. Rd1 {[%emt 0:00:15]} Nge7 {[%emt 0:04:36]} 12. Nbxd4 {[%emt 0:00:40]} Qc7 {[%emt 0:01:51]} 13. Bg5 {[%emt 0:09:46]} Nxd4 {[%emt 0:13:55]} 14. Rxd4 {[%emt 0:00:31]} Nf5 {[%emt 0:00:56]} 15. Rdd1 {[%emt 0:03:49]} h6 {[%emt 0:02:31]} 16. Bd2 {[%emt 0:00:03]} O-O {[%emt 0:18:59]} 17. Bc3 {[%emt 0:00:25]} Rfd8 {[%emt 0:11:20]} 18. Ne5 {[%emt 0:08:09]} Be8 {[%emt 0:01:34]} 19. Bd3 {[%emt 0:03:05]} Bxe5 {[%emt 0:06:57]} 20. Bxe5 {[%emt 0:00:57]} Qe7 {[%emt 0:04:03]} 21. Qg4 {[%emt 0:10:01]} Qg5 {[%emt 0:06:59]} 22. Qxg5 {[%emt 0:00:05]} hxg5 {[%emt 0:00:04]} 23. c4 {[%emt 0:03:49]} f6 {[%emt 0:05:55]} 24. Bc7 {[%emt 0:00:35]} Rd7 {[%emt 0:02:21]} 25. Bb6 {[%emt 0:00:06]} Ne7 {[%emt 0:04:50]} 26. Bc2 {[%emt 0:08:08]} Rc8 {[%emt 0:06:31]} 27. b3 {[%emt 0:04:41]} Nd5 {[%emt 0:01:43]} 28. Ba5 {[%emt 0:04:41]} b5 {[%emt 0:00:28]} 29. axb5 {[%emt 0:02:39]} axb5 {[%emt 0:00:06]} 30. Bd3 {[%emt 0:00:13]} bxc4 {[%emt 0:01:51]} 31. Bxc4 {[%emt 0:02:38]} Bf7 {[%emt 0:00:35]} 32. g3 {[%emt 0:01:30]} Ra7 {[%emt 0:00:13]} 33. Bd2 {[%emt 0:01:00]} Rxa1 {[%emt 0:01:02]} 34. Rxa1 {[%emt 0:00:05]} Rc7 {[%emt 0:01:32]} 35. Bd3 {[%emt 0:00:57]} Be8 {[%emt 0:00:49]} 36. Ra8 {[%emt 0:13:52]} Kf7 {[%emt 0:00:10]} 37. Rb8 {[%emt 0:00:09]} Bc6 {[%emt 0:00:32]} 38. b4 {[%emt 0:00:46]} Rb7 {[%emt 0:00:08]} 39. Rxb7+ {[%emt 0:01:09]} Bxb7 {[%emt 0:00:03]} 40. b5 {[%emt 0:00:09]} Ke7 {[%emt 0:01:37]} 41. Bc1 $14 {[%emt 0:30:03]} g4 {[%emt 0:15:23]} 42. Ba3+ {[%emt 0:00:00]} Kd7 {[%emt 0:02:05]} 43. Kf1 {[%emt 0:00:00]} g6 {[%emt 0:01:23]} 44. Bxg6 {[%emt 0:00:00]} f5 {[%emt 0:00:06]} 45. Bc5 {[%emt 0:00:00]} Nc7 {[%emt 0:07:59]} 46. b6 {[%emt 0:00:00]} Na8 {[%emt 0:00:38]} 47. Bd4 {[%emt 0:00:00]} Bd5 {[%emt 0:03:31]} 48. Bf7 {[%emt 0:00:00]} Ke7 {[%emt 0:01:16]} 49. Bg8 {[%emt 0:00:00]} Nxb6 {[%emt 0:00:26]} 50. Bc5+ {[%emt 0:00:00]} Kf6 {[%emt 0:00:08]} 51. Bxb6 {[%emt 0:00:00]} Ke5 1/2-1/2